00410 2200157 4500001002100000005001500021035002000036245007000056100002200126300001200148260003600160082000800196084001400204020002200218990001200240INLIS00000000000161820250424114643 a0010-04250000341 aDahsyatnya 7 Kebiasaan Harian Seorang Muslim /cFadlan Al-Ikhwani0 aFadlan Al-Ikhwani a290 hlm aSurakarta :bZiyad Books,c2014 a200 a200 FAD d a978-602-317-006-7 a0754714